LEADER 01230nam a2200253 i 4500 001 000000145951 003 CaOOAMICUS 005 20051212000000.0 008 051212s1954 vc u000 u lat u 013 $a121343 040 $aSeMil$bita 100 1 $aOttaviani, Alfredo,$c.$0(OLS)http://semarc/name/12600 245 10$aCompendium Iuris Publici Ecclesiastici /$cAlaphridus Ottaviani. 250 $aEd. 4. emendata et aucta. 260 $a[In Urbe Vaticani] :$bTypis Polyglottis Vaticanis,$c1954. 300 $aVIII, 496 p. ;$c23 cm. 500 $aIn testa al front. : Pontificium Institutum Utriusque Iuris. - Al momento della catalogazione si notano alcune sottolineature ed alcune annotazioni in matita. 650 4$aDiritto ecclesiastico.$0(OLS)http://semarc/subject/933 700 1 $aDi Meglio, Iosepho.$0(OLS)http://semarc/name/58122 850 $aSeMil 852 $aSeMil$W1$xVenegono$y1$m2J III 84$j261211$B98657$CSeMilBibl$Z2$F107408 $81 961 $aOmaggio: Biblioteca Seminario Seveso (fino al 1985) 996 $6245$aCompendium Iuris Publici Ecclesiastici$9(OLS)http://semarc/title/213386 996 $6260$a[In Urbe Vaticani] :$bTypis Polyglottis Vaticanis$9(OLS)http://semarc/publisher/29874 LEADER 00903nam a2200229 4500 001 000000358743 003 CaOOAMICUS 005 20240703114825.0 008 240703s1980 it 000 u ita r 040 $aSeMil$bita 100 1 $aSaviane, Giorgio,$d<1916-2000>.$0(OLS)http://semarc/name/32880 245 10$aGetsèmani :$bromanzo /$cGiorgio Saviane. 264 1$aMilano :$bArnoldo Mondadori Editore,$c1980. 300 $a202 p. ;$c21 cm 490 1 $aScrittori italiani e stranieri 830 0$aScrittori italiani e stranieri.$0(OLS)http://semarc/title/2727 850 $aSeMil 852 $aSeMil$W1$xVenegono$y1$m1B IV 247$j249648$B249817$CSeMilBibl$Z2$F249817 $81 961 $aCitrini don Tullio ? Omaggio 996 $6245$aGetsèmani :$bromanzo$9(OLS)http://semarc/title/449149 996 $6264$aMilano :$bArnoldo Mondadori Editore$9(OLS)http://semarc/publisher/30056